A foot in the door : (Record no. 2041)
[ view plain ]
| 000 -LEADER | |
|---|---|
| fixed length control field | 01092cam a2200325 a 4500 |
| 001 - CONTROL NUMBER | |
| JCCL Control Number | 2041 |
| 003 - CONTROL NUMBER IDENTIFIER | |
| JCCL marc code | BD-JhCC |
| 005 - DATE AND TIME OF LATEST TRANSACTION | |
| control field | 20200202134007.0 |
| 008 - FIXED-LENGTH DATA ELEMENTS--GENERAL INFORMATION | |
| fixed length control field | 071213s2008 caua b 001 0 eng |
| 020 ## - INTERNATIONAL STANDARD BOOK NUMBER | |
| International Standard Book Number | 9781580088923 (pbk.) |
| 020 ## - INTERNATIONAL STANDARD BOOK NUMBER | |
| International Standard Book Number | 1580088929 (pbk.) |
| 035 ## - SYSTEM CONTROL NUMBER | |
| system control number | (BD-JhCC)2041 |
| 040 ## - CATALOGING SOURCE | |
| Original cataloging agency | DLC |
| Transcribing agency | DLC |
| Modifying agency | DLC |
| 041 ## - LANGUAGE CODE | |
| Language code of Book | eng |
| 050 00 - LIBRARY OF CONGRESS CALL NUMBER | |
| Classification number | HF5382.7 |
| Item number | .H354 2008 |
| 082 00 - DEWEY DECIMAL CLASSIFICATION NUMBER | |
| Classification number | 650.14 |
| DDC Edition number | 22 |
| Author mark and Year | HAN 2008 |
| 100 1# - MAIN ENTRY--PERSONAL NAME | |
| Personal name | Hansen, Katharine. |
| 245 12 - TITLE STATEMENT | |
| Title | A foot in the door : |
| Remainder of title | networking your way into the hidden job market / |
| Statement of responsibility, etc | Katharine Hansen. |
| 250 ## - EDITION STATEMENT | |
| Edition statement | Rev. ed. |
| 260 ## - PUBLICATION, DISTRIBUTION, ETC. (IMPRINT) | |
| Place of publication, distribution, etc | Berkeley, Calif. : |
| Name of publisher, distributor, etc | Ten Speed Press, |
| Date of publication, distribution, etc | c2008. |
| 300 ## - PHYSICAL DESCRIPTION | |
| Pagination | 218 p. : |
| Other physical details | ill. ; |
| Dimensions | 21 cm. |
| 504 ## - BIBLIOGRAPHY, ETC. NOTE | |
| Bibliography, etc | Includes bibliographical references and index. |
| 520 ## - SUMMARY, ETC. | |
| Summary, etc | "A guide to networking geared toward recent graduates and young career changers"--Provided by publisher. |
| 650 #0 - SUBJECT ADDED ENTRY--TOPICAL TERM | |
| Topical term or geographic name as entry element | Job hunting. |
| 650 #0 - SUBJECT ADDED ENTRY--TOPICAL TERM | |
| Topical term or geographic name as entry element | Social networks. |
| 650 #0 - SUBJECT ADDED ENTRY--TOPICAL TERM | |
| Topical term or geographic name as entry element | Career development. |
| 856 41 - ELECTRONIC LOCATION AND ACCESS | |
| Materials specified | Table of contents only |
| Uniform Resource Identifier | http://www.loc.gov/catdir/toc/ecip086/2007051012.html |
| 942 ## - ADDED ENTRY ELEMENTS (KOHA) | |
| Source of classification or shelving scheme | Dewey Decimal Classification |
| Koha item type | Books |
| Koha issues (borrowed), all copies | 2 |
| Source of classification or shelving scheme | Damaged status | Not for loan | Home library | Current library | Shelving location | Date of accession | Total Checkouts | Full call number | Barcode | Date last seen | Date checked out | Copy number | Koha item type |
|---|---|---|---|---|---|---|---|---|---|---|---|---|---|
| Dewey Decimal Classification | JCC Rouf Library | JCC Rouf Library | General Stacks | 10/28/2017 | 4 | 650.14 HAN 2008 | 3330 | 08/18/2025 | 08/07/2025 | C-1 | Books |